Score 0/26 Timer 04:00
13 Plays Today
% Correct
-LOUD
96.4%
E-ECT
84.7%
FR-ED
83.9%
ADO-E
83.7%
AN-LE
82.2%
-ODEL
81.5%
HO-ST
81.5%
-ILER
76.6%
S-ONE
74.7%
DI-ZY
72.2%
S-ING
71.7%
JO-ED
71.5%
S-ORD
70.9%
% Correct
S-OWY
69.8%
S-AIL
67.9%
A-URE
64.5%
PI-UE
59.4%
MEMO-
58%
E-ENS
57.8%
BO-ED
57.6%
O-INE
52.1%
T-ICE
50.5%
PI-IE
49.5%
P-ROS
44.8%
LUA-S
44.6%
MO-ED
40%
Remove Ads.
Support Sporcle.
Get the best of Sporcle when you Go Orange. This ad-free experience offers more features, more stats, and more fun while also helping to support Sporcle. Thank you for becoming a member.

You're not logged in!

Compare scores with friends on all Sporcle quizzes.
OR
Log In

Show Comments

Extras

Top Quizzes Today


Score Distribution

Your Account Isn't Verified!

In order to create a playlist on Sporcle, you need to verify the email address you used during registration. Go to your Sporcle Settings to finish the process.

Report this User

Report this user for behavior that violates our Community Guidelines.

Details: